00885nam a22002417a 450000500170000001000130001702000220003003500130005203700160006504000120008108200210009324500960011426000480021027000430025830000200030150000510032165000350037265000340040770000250044194200300046699900190049695201280051520170124110010.0 aA-899794 c00.00a8121003776 aA-899794 bCen Lib/Ret aDPLbEN a346.0150269bFAM aFamily courts in india :cedited by Ratna Verma ban appraisal of strength and limitation / bInter-India Publications aNew Delhi c1997 bNew Delhi e110015aD-17, raja garden  a136p.c21cm(Hb) aIncludes bibliographical references and index  aConstitutional rights 971926 aFamily courts zIndia 917576 aVerma, Ratna 917577 2ddccENh346.0150269mFAM c126459d126459 00104070aLbLd2015-06-25eCen Lib/Retg0.00l0o346.0150269 VERpA-899794r2015-06-25 00:00:00t1v0.00w2015-06-25yEN